| 000 | 00638nam a2200193Ia 4500 | ||
|---|---|---|---|
| 003 | GCL | ||
| 008 | 140319s9999 xx 000 0 ara d | ||
| 040 |
_aGCL / _cGCL |
||
| 082 | 0 | 4 |
_aم _b920.7161 _bع م |
| 100 | 1 | _aعبدالله كنون الحسينى | |
| 245 | 1 | 0 |
_aموسوعة مشاهير رجال المغرب / _cعبدالله كنون الحسينى |
| 260 |
_a[S.N] : _bدار الكتاب المصرى ، _c1994 |
||
| 300 | _aمتعدد | ||
| 490 |
_aماذا اعرف _v0 |
||
| 650 | 0 | 4 | _aالتراجم |
| 650 | 0 | 4 | _aالرجال - تراجم |
| 650 | 0 | 4 | _aالرجال - تراجم - المغرب |
| 942 |
_2ddc _cREF |
||
| 999 |
_c59345 _d59345 |
||